| 000 | 01033cam a2200289Ia 4500 | ||
|---|---|---|---|
| 008 | |||
| 020 | _a088936804X (pbk.) | ||
| 049 | _aMAIN | ||
| 090 | _aTD365 WAT | ||
| 245 | 0 | 0 |
_aWater management in Africa and the Middle East : _bchallenges and opportunities / _cedited by Eglal Rached, Eva Rathgeber and David B. Brooks. |
| 260 |
_aOttawa : _bInternational Development Research Centre, _c1996. |
||
| 300 |
_axvi, 294 p. : _bill. ; _c25 cm. |
||
| 504 | _aIncludes bibliographical references. | ||
| 650 | 0 |
_aWater-supply _zAfrica. |
|
| 650 | 0 |
_aWater resources development _zAfrica. |
|
| 650 | 0 |
_aWater-supply _zMiddle East. |
|
| 650 | 0 |
_aWater resources development _zMiddle East. |
|
| 700 | 1 | _aRached, Eglal. | |
| 700 | 1 | _aRathgeber, Eva-Maria. | |
| 700 | 1 | _aBrooks, David B. | |
| 710 | 2 | _aInternational Development Research Centre (Canada) | |
| 907 |
_a.b10230658 _b13-02-07 _c13-02-07 |
||
| 003 | |||
| 005 | 20250410152146.0 | ||
| 040 | _cNUST | ||
| 942 |
_cBOOKS _kTD365 WAT _01 |
||
| 999 |
_c164735 _d164735 |
||